| 000 | 00607nam a2200241Ia 4500 | ||
|---|---|---|---|
| 008 | 190123s9999 xx 000 0 und d | ||
| 020 | _a9780545708920 | ||
| 050 | _bS654 2012 | ||
| 100 | _aSmith, Lane | ||
| 245 | 0 | _aAbe Lincoln's dream / | |
| 245 | 0 | _cby Lane Smith. | |
| 260 | _aNew York, New York : | ||
| 260 | _bScholastic, | ||
| 260 | _c2012 | ||
| 300 | _aunpaged : | ||
| 300 | _bcolored illustrations ; | ||
| 300 | _c24cm. | ||
| 500 | _a390L | ||
| 650 | _aGhost stories. | ||
| 650 | _aLincoln, Abraham, -- 1809-1865. | ||
| 650 | _aWhite House (Washington, D.C.) | ||
| 700 | _aTitle. | ||
| 999 |
_c361003 _d361003 |
||